Les compos de France 1-0 Brésil (2006) - Statistiques

Statistiques générales
  • Ce quiz a été pris 448 fois
  • Le résultat moyen est 15 sur 22
Statistiques - réponses
Equipe Joueurs % Correct
France Zinédine Zidane
100%
Brésil Ronaldo
97%
France Thierry Henry
94%
France Fabien Barthez
93%
Brésil Ronaldinho
92%
France Franck Ribéry
86%
Brésil Roberto Carlos
83%
France Patrick Vieira
79%
France Lilian Thuram
78%
Brésil Cafu
75%
France Claude Makélélé
74%
Brésil Kaka
74%
Brésil Dida
71%
France Willy Sagnol
62%
France Florent Malouda
54%
France William Gallas
49%
France Eric Abidal
48%
Brésil Zé Roberto
46%
Brésil Juninho
42%
Brésil Lucio
41%
Brésil Gilberto Silva
33%
Brésil Juan
11%
Aucun quiz correspondant
Distribution des résultats
% des personnes avec chaque résultat
Percentile par nombre de réponses
Votre historique - résultats
Vous n’avez pas pris ce quiz